000 02628cam a2200277 4500500
005 20251228051611.0
041 _afre
042 _adc
100 1 0 _aCoopman, Anne-Laurence
_eauthor
700 1 0 _aJanssen, Christophe
_eauthor
245 0 0 _aLa maladie génétique au cœur de la fratrie : « tabou » et « secret »
260 _c2006.
500 _a70
520 _aRésuméLa maladie génétique et tout ce qui s’y rapporte questionnent l’hérédité, la transmission et confrontent aux questions difficiles de l’héritage, de la culpabilité et des dettes. Difficilement pensable, gérable, voire symbolisable, elle est souvent peu parlée et tenue sous silence. Par cet article, les auteurs tenteront de montrer comment l’occurrence d’une maladie génétique dont on ne parle pas dans une famille peut constituer un secret familial ; secret qui, tacitement partagé par la fratrie, peut devenir « tabou ». Ils aborderont les difficultés que le non-dit dans sa double dimension de « secret » et de « tabou » impose à ceux qui, au travers d’une recherche de « vérité », tentent de se libérer des chaînes imposées par le secret. Au désir de libération du secret s’oppose parfois, en effet, l’interdit de transgression du « tabou » qui est venu organiser les liens fraternels.
520 _aGenetic disease and everything related to it questions heredity, transmission; and faces difficult questions linked to heritage, culpability and debts. As it is difficult to think of, to manage, even to symbolise, it is often less spoken of and kept silent. In this article, the authors will try to indicate how the instance of a genetic disease, if not shared among a family, may become a family secret, which, tacitly shared by the siblings, may become a “taboo”. They will tackle the difficulties that what is left unsaid imposes, in its double dimension of “secret” and “taboo”, on those who, by means of a quest for “truth”, try to free themselves from the chains imposed by the secret. Indeed, the desire to be freed from the secret is sometimes opposed by the transgression of the “taboo” that came to organise fraternal links.
690 _afratrie
690 _amaladie génétique
690 _asecret
690 _atabou
690 _agenetic disease
690 _asecret
690 _asiblings
690 _ataboo
786 0 _nCahiers de psychologie clinique | 27 | 2 | 2006-09-10 | p. 39-54 | 1370-074X
856 4 1 _uhttps://shs.cairn.info/revue-cahiers-de-psychologie-clinique-2006-2-page-39?lang=fr&redirect-ssocas=7080
999 _c1581873
_d1581873